Ganong's review of medical physiology (Record no. 395203)

MARC details
000 -LEADER
fixed length control field 00633 a2200241 4500
005 - DATE & TIME
control field 20260116160315.0
008 - FIXED-LENGTH DATA ELEMENTS--GENERAL INFORMATION
fixed length control field 260116b |||||||| |||| 00| 0 eng d
020 ## - ISBN
International Standard Book Number 9789364440844
Price Rs. 2395.00
040 ## - CATALOGING SOURCE
Original cataloging agency VIVEKANANDA LIBRARY
082 ## - DDC NUMBER
Classification number 612
Book Number B275G(27)
100 ## - MAIN ENTRY--PERSONAL NAME
Personal name Bhagat, Anumeha
245 ## - TITLE STATEMENT
Title Ganong's review of medical physiology
250 ## - EDITION STATEMENT
Edition statement 27th
260 ## - PUBLICATION, DISTRIBUTION, ETC. (IMPRINT)
Name of publisher, distributor, etc McGraw Hill Education
Date of publication, distribution, etc 2025
Place of publication, distribution, etc New York
300 ## - PHYSICAL DESCRIPTION
Pages ix, 770
650 ## - Subject
Subject Medical Science
650 ## - Subject
Subject Human Physiology
700 ## - Added Entry Personal Name
Added Entry Personal Name Barret, Kim E
700 ## - Added Entry Personal Name
Added Entry Personal Name Barman, Susan M
700 ## - Added Entry Personal Name
Added Entry Personal Name Brooks, Heddwen L
700 ## - Added Entry Personal Name
Added Entry Personal Name Yuan, Jason X J
942 ## - ADDED ENTRY ELEMENTS (KOHA)
Koha item type Books
Holdings
Withdrawn status Lost status Source of classification or shelving scheme Damaged status Not for loan Location (home branch) Sublocation or collection (holding branch) Shelving location Date acquired Koha issues (times borrowed) Koha full call number Accession No. Koha date last seen Koha item type
    Dewey Decimal Classification     VIVEKANANDA LIBRARY VIVEKANANDA LIBRARY Vivekananda Library 24/12/2025   612 B275G(27) 443809 24/12/2025 Books
© Designed and Maintained by Vivekananda Library, MDU Rohtak